| 000 | 01583nam a2200289Ia 4500 | ||
|---|---|---|---|
| 999 |
_c49605 _d49605 |
||
| 001 | 16537 | ||
| 003 | GE_BSU | ||
| 005 | 20250120123233.0 | ||
| 008 | 181216s2014||||ge |||||||||||||| ||geo|| | ||
| 020 | _a978-9941-9382-0-7 | ||
| 040 | _cGE_BSU | ||
| 041 | _ageo | ||
| 080 | _a811.353.1 ფ-96 | ||
| 100 |
_aფუტკარაძე, ტარიელ _9128 |
||
| 245 |
_aქართველოლოგიის შესავალი : _b[სახელმძღვ.] / _cტარიელ ფუტკარაძე ; საქ. საპატრიარქოს წმ. ანდრია პირველწოდებულის სახ. ქართ. უნ-ტი. |
||
| 264 |
_aთბილისი : _bქართული უნივერსიტეტი, _c2014. |
||
| 300 |
_a400 გვ. : _bილ. ; _c 25 სმ. |
||
| 500 | _a წიგნს ახლავს ავტორის მინაწერი | ||
| 500 | _aთავფურ. მე-2 გვ. ინგლისურ ენაზე | ||
| 500 | _aდანართი : გვ. 354-398 | ||
| 504 | _aბიბლიოგრ. ტექსტ. შენიშვნ. და გვ. 323-353 | ||
| 520 | _aთავფურ. მე-2 გვ. ინგლ | ||
| 541 | _h20ლ. | ||
| 653 | _aქართველოლოგიის შესავალი | ||
| 710 |
_aსაქ. საპატრიარქოს წმ. ანდრია პირველწოდებულის სახ. ქართ. უნ-ტი _918873 |
||
| 942 |
_cBK _2udc |
||